Sanat - "Kulkuset" - Statistics

Yleistilastot
  • Tätä visaa on pelattu 28 kertaa
  • Keskiarvotulos 94 / 134
Vastaustilastot
Vastaus % Oikein
Kulkuset
100%
kulkuset
100%
helkkäilee
94%
riemuin
94%
ja
88%
alla
82%
jalasten
82%
laulaa
82%
lumi
82%
se
82%
talven
82%
ei
76%
en
76%
enää
76%
jää
76%
kiitää
76%
kun
76%
lämmin
76%
lauluaan
76%
liinakkomme
76%
Lunta
76%
lunta
76%
76%
maa
76%
nyt
76%
on
76%
On
76%
raikas
76%
talliin
76%
talvisää
76%
tuiskuttaa
76%
tulvillaan
76%
kilvan
71%
leijailee
71%
liinakkommekaan
71%
matkaamaan
71%
ne
71%
nouse
71%
rekehen
71%
ryijyn
71%
valkohiutaleet
71%
valkoinen
71%
etehen
65%
käy
65%
käymme
65%
me
65%
pienen
65%
reen
65%
riemuiten
65%
valjastan
65%
kohta
59%
matkahan
59%
sen
59%
sitten
59%
tie
53%
joutuin
47%
meidät
41%
retki
41%
tää
41%
vie
41%
maailmaan
35%
puhtaan
35%
Toiseen
35%
valkeaan
35%
kai
29%
latvat
29%
milloinkaan
29%
puiden
29%
retkeämme
29%
soi
29%
taas
29%
unhoittaa
29%
voi
29%
huminaa
24%
niin
24%
tuulen
24%
Ehtoja vastaavia visoja ei löytynyt
Tulosjakauma
Jokaisen tuloksen saaneiden osuus
Persentiili vastausten määrän mukaan
Tuloshistoriasi
Et ole pelannut tätä visaa